| 000 | 00572cam a2200181 a 4500 | ||
|---|---|---|---|
| 020 | _a9780896292048 (pbk. : alk. paper) | ||
| 040 | _cDNAL | ||
| 082 | 0 | 0 | _a338 IFP 2013 C145 Or. |
| 245 | 0 | 0 |
_aWest African agriculture and climate change : _ba comprehensive analysis / |
| 250 | _a1st ed. | ||
| 260 |
_aWashington, DC : _bInternational Food Policy Research Institute, _c2013. |
||
| 300 |
_axxxiii, 408 p. : _bill. ; _c23 cm. |
||
| 490 | 0 | _aClimate change in Africa | |
| 650 | 0 | _aCrops and climate | |
| 650 | 0 | _aAgriculture | |
| 700 | 1 | _aJalloh, Abdulai. | |
| 942 | _cAEDBB | ||
| 999 |
_c18420 _d18420 |
||